| 000 | 00589cam a22002051 4500 | ||
|---|---|---|---|
| 001 | sa 65004288 | ||
| 003 | DLC | ||
| 005 | 20260227112129.0 | ||
| 008 | 841109s1964 ii s000 0 eng | ||
| 010 | _asa 65004288 | ||
| 025 | _aPL480:I-E-3862 | ||
| 035 | _a(OCoLC)11368826 | ||
| 040 |
_aDLC _cWU _dDLC |
||
| 050 | 0 | 0 |
_aHT147.I5 _bG77 |
| 110 | 1 |
_aGujarat (India). _bCommittee for Rationalisation of Municipal Functions. |
|
| 245 | 1 | 0 | _aReport of the Municipal Rationalisation Committee. |
| 260 |
_a[Ahmedabad, _c1964?] |
||
| 300 |
_a177 p. _c24 cm. |
||
| 650 | 0 |
_aCity planning _zIndia. |
|
| 999 |
_c63658 _d63658 |
||